| 000 | 00768nam a2200217Ia 4500 | ||
|---|---|---|---|
| 005 | 20241129111005.0 | ||
| 008 | 241129s9999||||xx |||||||||||||| ||und|| | ||
| 020 | _a978-81-237-6993-6 | ||
| 037 | _aTB | ||
| 040 |
_aCRL _bpun _cCRL |
||
| 041 |
_apun _2pun |
||
| 084 |
_aO152,3N31x 153Q4 _qCRL |
||
| 100 | _aਗੁਲਾਟੀ, ਪਵਨ, ਚ। | ||
| 245 | 0 |
_aਮੰਨੂ ਭੰਡਾਰੀ ਦੀਆਂ ਚੋਣਵੀਆਂ ਕਹਾਣੀਆਂ _cਗੁਲਾਟੀ, ਪਵਨ, ਚ। |
|
| 260 |
_aਦਿੱਲੀ, ਭਾਰਤ _bਨੈਸਨਲ ਬੁਕ ਟਰੱਸਟ _c2014 |
||
| 300 | _a213ਪ੍ਰ0 | ||
| 365 |
_aINR _b155 |
||
| 650 |
_aHindi LiteratureFiction _9726203 |
||
| 942 |
_cTB _hO152,3N31x 153Q4 |
||
| 999 |
_c1228428 _d1228428 |
||